| 000 | 00585nam a2200205 i 4500 | ||
|---|---|---|---|
| 001 | 22000 | ||
| 003 | ES-MaACL | ||
| 007 | t| | ||
| 008 | 021129s1983 sp ||||1| spa d | ||
| 100 | 1 |
_aAlemany Lamana, Mariano. _919734 |
|
| 245 | 1 | 0 |
_aPrácticas de bioquímica / _cMariano Alemany Lamana, S. Font Sebarroja. |
| 250 | _a[1ª ed.]. | ||
| 260 |
_a[Madrid] : _bAlhambra, _c[1983] |
||
| 300 |
_aX, 335 p. : _bil. ; _c24 cm. |
||
| 490 | 1 | _aVertix | |
| 700 | 1 |
_aFont Sebarroja, S. _951569 |
|
| 830 | 0 |
_aVertix _9180780 |
|
| 852 |
_aES-MaACL _jL-4198 _bR.104407 |
||
| 999 |
_c22000 _d22000 |
||